000 00305nam a22001337a 4500
008 170710b xxu||||| |||| 00| 0 eng d
020 _a0877547513
041 _aeng
080 _a030
100 _a26
101 _aENC
245 _aTHE ENCYCLOPEDIA OF PSYCHOACTIVE DRUGS
_cSNYDER,S.H
942 _2udc
_cBK
999 _c20139
_d20139